Fuzzy logic foundations and industrial applications / (Record no. 175371)

000 -LEADER
fixed length control field 00767 a2200217 4500
003 - CONTROL NUMBER IDENTIFIER
control field Nust
005 - DATE AND TIME OF LATEST TRANSACTION
control field 20230217122152.0
010 ## - LIBRARY OF CONGRESS CONTROL NUMBER
LC control number 96031534
020 ## - INTERNATIONAL STANDARD BOOK NUMBER
International Standard Book Number 0792397746 (acid-free paper)
040 ## - CATALOGING SOURCE
Transcribing agency Nust
082 00 - DEWEY DECIMAL CLASSIFICATION NUMBER
Classification number 511.3,FUZ
245 00 - TITLE STATEMENT
Title Fuzzy logic foundations and industrial applications /
Statement of responsibility, etc. edited by Da Ruan.
260 ## - PUBLICATION, DISTRIBUTION, ETC.
Place of publication, distribution, etc. Boston :
Name of publisher, distributor, etc. Kluwer Academic Publishers,
Date of publication, distribution, etc. c1996.
300 ## - PHYSICAL DESCRIPTION
Extent xix, 330 p. :
Other physical details ill. ;
Dimensions 24 cm.
440 #0 - SERIES STATEMENT/ADDED ENTRY--TITLE
Title International series in intelligent technologies ;
Volume/sequential designation 8
9 (RLIN) 102419
505 ## - FORMATTED CONTENTS NOTE
Formatted contents note Fuzzy Logic Foundations (Page-1), Fuzzy Logic Systems (Page-93), Fuzzy Logic Industrial Application (Page-201).
650 #0 - SUBJECT ADDED ENTRY--TOPICAL TERM
Topical term or geographic name entry element Fuzzy logic.
9 (RLIN) 60142
650 #0 - SUBJECT ADDED ENTRY--TOPICAL TERM
Topical term or geographic name entry element Intelligent control systems.
700 1# - ADDED ENTRY--PERSONAL NAME
Personal name Ruan, Da.
9 (RLIN) 109214
942 ## - ADDED ENTRY ELEMENTS (KOHA)
Koha item type Reference
Source of classification or shelving scheme
Holdings
Withdrawn status Lost status Source of classification or shelving scheme Damaged status Not for loan Permanent Location Current Location Shelving location Date acquired Full call number Barcode Date last seen Price effective from Koha item type Public note
          Military College of Signals (MCS) Military College of Signals (MCS) Reference 12/12/2016 511.3,FUZ MCS5584 12/08/2016 12/12/2016 Book Almirah No.71, Shelf No.3
© 2023 Central Library, National University of Sciences and Technology. All Rights Reserved.